|
|
|
|
| LEADER |
00909nab a2200229 i 4500 |
| 001 |
acta10571 |
| 005 |
20240509152353.0 |
| 008 |
161015s1936 hu o 000 hun d |
| 022 |
|
|
|a 0324-5411
|
| 040 |
|
|
|a SZTE Egyetemi Kiadványok Repozitórium
|b hun
|
| 041 |
|
|
|a hun
|
| 100 |
1 |
|
|a Moór Elemér
|
| 245 |
1 |
0 |
|a Kisebb közlemények, apró megjegyzések
|h [elektronikus dokumentum] /
|c Moór Elemér
|
| 260 |
|
|
|c 1936
|
| 300 |
|
|
|a 242-245
|
| 490 |
0 |
|
|a Acta litterarum ac scientiarum Regiae Universitatis Francisco-Josephinae : sectio philologico-historica
|
| 650 |
|
4 |
|a Bölcsészettudományok
|
| 650 |
|
4 |
|a Történettudomány és régészet
|
| 650 |
|
4 |
|a Nyelvek és irodalom
|
| 695 |
|
|
|a Zichy István, Őstörténet - magyar, Wichmann Yrjö, Nyelvtudomány - finn - 19-20. sz.
|
| 700 |
0 |
1 |
|a Erdődi József
|e aut
|
| 856 |
4 |
0 |
|u http://acta.bibl.u-szeged.hu/10571/1/philologica_011_242-245.pdf
|z Dokumentum-elérés
|